Project Education 2.0 in Economic Subject
Úloha univerzít pri poskytovaní zručností pre inovácie a rast ekonomiky. Popis novej vzdelávacej metodológie založenej na projektovom vyučovaní a dizajnovom myslení na Obchodnej fakulte Ekonomickej univerzity v Bratislave.
Enregistré dans:
| Auteur principal: | |
|---|---|
| Autres auteurs: | |
| Format: | Chapitre de livre |
| Langue: | anglais |
| Sujets: | |
| Tags: |
Pas de tags, Soyez le premier à ajouter un tag!
|
MARC
| LEADER | 00000naa$a2200000$$$4500 | ||
|---|---|---|---|
| 001 | 0260544 | ||
| 005 | 20240502074128.4 | ||
| 041 | 0 | |a eng | |
| 044 | |a SK | ||
| 245 | 1 | 0 | |a Project Education 2.0 in Economic Subject |c Peter Filo, Veronika Nekolová |
| 520 | |a Úloha univerzít pri poskytovaní zručností pre inovácie a rast ekonomiky. Popis novej vzdelávacej metodológie založenej na projektovom vyučovaní a dizajnovom myslení na Obchodnej fakulte Ekonomickej univerzity v Bratislave. | ||
| 610 | 2 | 0 | |a zručnosti |
| 610 | 2 | 0 | |a vzdelávanie vysokoškolské |
| 610 | 2 | 0 | |a vyučovanie |
| 610 | 2 | 0 | |a práca tímová |
| 610 | 2 | 0 | |a študenti |
| 100 | 1 | |a Filo, Peter | |
| 700 | 1 | |a Nekolová, Veronika, 1984- | |